Európska únia - testy (slovensko-anglická mutácia)

Saved in:
Bibliographic Details
Main Author: Báráňová-Čiderová, Denisa, 1977-
Corporate Author: Ekonomická univerzita v Bratislave. Obchodná fakulta
Format: Book
Language:Slovak
English
Czech
Published: Bratislava Vydavateľstvo EKONÓM 2006
Subjects:
Tags: Add Tag
No Tags, Be the first to tag this record!

MARC

LEADER 00000nam$a2200000$$$4500
001 0048512
005 20240502071546.6
020 |a 80-225-2226-0 
041 0 |a slo 
041 0 |a eng 
041 0 |a cze 
044 |a SK 
245 1 0 |a Európska únia - testy  |b (slovensko-anglická mutácia)  |c Denisa Báráňová-Čiderová 
264 1 |a Bratislava  |b Vydavateľstvo EKONÓM  |c 2006 
300 |a 121 s. 
610 2 0 |a integrácia ekonomická medzinárodná 
610 2 0 |a spolupráca hospodárska medzinárodná 
610 2 0 |a Európska únia 
100 1 |a Báráňová-Čiderová, Denisa, 1977- 
710 2 |a Ekonomická univerzita v Bratislave. Obchodná fakulta